00311nam a2200109Ia 4500008004100000020001500041100001900056245005300075260003300128300001800161650002200179180309s9999 xx 000 0 und d a9715690963 aLee, Queena N. aIn the beginning and other scientific journeys / aMakati City:b1993cBookmark aii, 179 pages aRomantic Suspense